LEADER 02014nam0 22004573i 450 001 RAV0276138 005 20251003044328.0 010 $a8815056149 100 $a19960726d1996 ||||0itac50 ba 101 | $aita 102 $ait 181 1$6z01$ai $bxxxe 182 1$6z01$an 183 1$6z01$anc$2RDAcarrier 200 1 $aˆIl ‰federalismo preso sul serio$euna proposta di riforma per l'Italia$fLuigi Mariucci ... [et al.] 210 $aBologna$cIl mulino$d©1996 215 $a193 p.$d22 cm 606 $aFederalismo$xItalia$2FIR$3CFIC068447$9E 676 $a321.02$9Forme di governo e di stato. Forme federali$v12 676 $a321.02$9Forme di governo e di stato. Sistemi federali.$v20 676 $a321.02$9STATI FEDERALI$v21 676 $a321.020945$9STATI FEDERALI. Italia$v20 676 $a321.020945$9STATI FEDERALI. Italia$v21 676 $a321.020945$9STATI FEDERALI. Italia$v22 686 $aIT/5422.7$cAUTONOMIE LOCALI E DECENTRAMENTO ITALIA 1989-2001$2R 686 $aIT/55.1$cITALIA REGIONI ASPETTI ISTITUZIONALI 1989-2001$2R 686 $aIT/X42.5/MFE$cPARTITI E MOVIMENTI POLITICI MOVIMENTO FEDERALISTA EUROPEO ITALIA$2R 696 $aMovimenti federalisti 699 $aFederalismo$yMovimenti federalisti 702 1$aMariucci$b, Luigi$3CFIV049099 801 3$aIT$bIT-000000$c19960726 850 $aIT-BN0095 $aIT-NA0243 $aIT-NA0581 901 $bNAP 01$cD $n$ 901 $bNAP FC$cFONDO $n$ 901 $bNAP 67$cSALA G $n$ 912 $aRAV0276138 950 0$aBiblioteca Centralizzata di Ateneo$d 01D (AR) 19 587$e 01AR 0700195875 VMA A4 1 v.$fY $h19961015$i20181016 950 0$aCentro Librario e Bibliotecario per la Diffusione della cultura$c1 v.$d 67SALA G G Sto. 67$e 67 0000331375 VMA 1 v.$fA $h20190919$i20190919 977 $a 01$a 67$a FC 996 $aFederalismo preso sul serio$9690429 997 $aUNISANNIO